000 00887nam a22002177a 4500
999 _c20052
_d20052
003 AR-CdUCM
008 190524b ||||| |||| 00| 0 spa d
040 _aMUNICIPALIDAD PROVINCIAL DEL CUSCO
_cBIBLIOTECA MUNICIPAL DEL CUSCO
041 _heng
082 _a372.12 /
_bB61
100 _aBloom, Benjamín Samuel
_941863
245 _aTaxonomía de los objetos de la educación :
_bla clasificación de las metas educacionales :
_bmanuales I y II /
260 _aBuenos Aires :
_bCentro Regional de Ayuda Técnica,
_c1971.
300 _a364 páginas :
_bIlustraciones,
_c23 cm.
505 _aContenido: Introducción y explicación -- La taxonomía y los materiales ilustrativos -- Dominio afectivo...
650 _aMediciones
_917226
650 _aPruebas educativas
_917227
700 _aPerez RIvas, Marcelo (traducción)
_941952
942 _2ddc
_cLIBROS
945 _adavv
_d2019-05-25